000 00544 a2200217 4500
005 20260216154211.0
008 260216b |||||||| |||| 00| 0 eng d
020 _a9789387692480
_cRs. 1995.00
040 _aMAIN
082 _a660.0
_bM896P(4)
100 _aMukhopadhyay, S N
110 _a
245 _aProcess biotechnology fundamentals
250 _a4th
260 _bViva Books
_aNew Delhi
_c2026
300 _axx, 646
650 _aBiotechnology
650 _aFermentation
650 _aBiochemical Engineering
942 _cBK
999 _c395241
_d395241